LEADER 01121nam a2200289 a 4500 001 000000169511 003 CaOOAMICUS 005 20180926131221.0 008 180926q1934 it u000 u ita u 032 $aLibriCat 035 $a10910179 040 $aPUL$bita 100 0 $aAristoteles,$d384-322 a.C.$0(OLS)http://pul/name/792 245 13$aLa poetica /$cAristotele ; traduzione, introduzione e note di Ferdinando Albeggiani . 260 $aFirenze :$bLa Nuova Italia,$c1934. 300 $aXXIV, 84 p. ; $c20 cm. 490 1 $aIl pensiero classico 700 1 $aAlbeggiani, Ferdinando,$d1890-1976.$0(OLS)http://pul/name/47089 830 3$aIl pensiero classico.$0(OLS)http://pul/title/6296 850 $aPUL 852 $aPUL$W1$xDP1 Fondo Dalla Palma$y117$m9 F 54$j45073$qFondi$B197515$CPULBib$Z2$F197515 $HDal1300 $81 900 $aAristotle,$d 384-322 a.C.$9792 900 $aAristotele,$d384-322 a.C.$9792 941 1 $a1 996 $6245$aLa poetica$9(OLS)http://pul/title/74533 996 $6260$aFirenze :$bLa Nuova Italia$9(OLS)http://pul/publisher/48361 LEADER 01756naa a2200325 a 4500 001 000000172669 003 CaOOAMICUS 005 20190913135013.0 008 190913t2018 it 000 u ita r 020 $a978-88-308-1642-8* 032 $aLibriCat 040 $aPUL$bita$d 082 04$a230 245 00$aScrutando il mistero nella storia : $bsaggi in prospettiva multidisciplinare in onore dei docenti emeriti Vinicio Albanesi, Gino Fattorini, Giancarlo Galeazzi, Ugo Paoli, Valter Pierini / $ca cura di Mario Florio. 260 $aAssisi :$bCittadella,$c©2018. 300 $a288 p.;$c21 cm 490 1 $aGestis verbisque ;$v19 500 $aIl presente volume è pubblicato con il contributo del Comitato per gli Studi Superiori di Teologia e di Religione cattolica della CEI. 504 $aInclude riferimenti bibliografici ed indice. 700 1 $aFlorio, Mario.$0(OLS)http://pul/name/109197 830 0$aGestis verbisque ;$v19.$0(OLS)http://pul/title/138354 850 $aPUL 852 $aPUL$W1$xDP2 Religione 3$y114$m230 FLOMA 1B$j199063$qDDC 21$B203707$CPULBib$Z2$F203707 $H135228 $82 852 $aPUL$W1$xSL Religione 3$y85$m230 FLOMA 1$j196613$qDDC 21$B201384$CPULBib$Z2$F201384 $H133462 $82 941 1 $a9 996 $6020$a978-88-308-1642-8*$9(OLS)http://pul/number/166729 996 $6082$a230$9(OLS)http://pul/classification/368 996 $6245$aScrutando il mistero nella storia : $bsaggi in prospettiva multidisciplinare in onore dei docenti emeriti Vinicio Albanesi, Gino Fattorini, Giancarlo Galeazzi, Ugo Paoli, Valter Pierini / $9(OLS)http://pul/title/213648 996 $6260$aAssisi :$bCittadella$9(OLS)http://pul/publisher/49668